zpět

Detail výsledku týmu

Limbo, Brno

Datum a čas kvízu

41 Celkem bodů Celkový počet nahraných bodů na tomto kvízu bez doplňovacích otázek.
2. Pořadí na kvízu Konečné umístění týmu na tomto kvízu.

Zaznamenané odpovědi

# Otázka Odpověď Body Výsledky
1. Motorkáři z Ruska dorazili v p... 1
2. Polská policie musela ve střed... 1
3. V úterý začal již 71. ročník n... 1
4. Slovensko na Den vítězství zač... 1
5. Olympijský vítěz z Nagana nabí... 0
6. Také se Vám někdy stane, že v... 1
7. Okrajový; mezní; podružný, ned... 1
8. Vzpomeňte si na jednu dříve ho... 0
9. Pojmenujte česky slovo bilater... 1
10. Kdo hledí pouze na prospěch, t... 1